Normal view MARC view
  • Egipto

Entry Nombre Geográfico

Number of records used in: 5

001 - NÚMERO DE CONTROL

  • campo de control: 12984

003 - IDENTIFICADOR DE NUMERO DE CONTROL

  • campo de control: MX-MxUPN

005 - FECHA Y HORA DE LA ÜLTIMA TRANSACCIÓN

  • campo de control: 20241010140552.0

008 - DATOS DE LONGITUD FIJA

  • campo de control de longitud fija: 241010n||acannbabn n ana |d

035 ## - NÚMERO DE CONTROL

  • Número de control: UPN10000012992

040 ## - FUENTE DE CATALOGACIÓN

  • Lenguaje de catalogación: spa
  • Agencia de transcripción: MX-MxUPN
  • Agencia de catalogación original: MX-MxUPN

151 ## - ENCABEZAMIENTO - NOMBRE GEOGRÁFICO

  • Nombre geográfico: Egipto
  • Subdivisión de forma: Literatura infantil

670 ## - FUENTE EN LA QUE SE LOCALIZARON DATOS

  • Cita de la fuente: E/P

670 ## - FUENTE EN LA QUE SE LOCALIZARON DATOS

  • Cita de la fuente: Autoridades BGTQ, 10 octubre 2024 :
  • Información localizada: (Egipto -- Novela)

902 ## - CATALOGADOR

  • Catalogador: CAA/010894
  • Catalogador: MaríaRobles/101024